Countries with the Lowest Amount of Firearm Related Deaths - Statistics

General Stats
  • This quiz has been taken 112 times
  • The average score is 6 of 16
Answer Stats
Country death rate per 100,000 population p/y % Correct
Japan 0.06
77%
China (Hong Kong) 0.03
72%
United Kingdom 0.25
70%
South Korea 0.06
62%
Spain 0.62
61%
Netherlands 0.46
49%
India 0.48
45%
Poland 0.25
43%
Singapore 0.16
41%
Romania 0.19
32%
Ukraine 0.20
26%
Belarus 0.1
21%
Qatar 0.15
20%
Kuwait 0.36
17%
Azerbaijan 0.04
10%
Zimbabwe 0.12
1%
No matching quizzes found
Score Distribution
Percent of People with Each Score
Percentile by Number Answered
Your Score History
You have not taken this quiz